01469nam a2200349Ia 4500001001200000003000800012006001900020007001500039008004100054010001700095020001500112020001800127040002100145035002000166050002300186100003700209245014000246260006800386300002600454490002800480504005100508533015200559600004600711650004500757651005400802655002900856700001800885710001700903830005400920856012600974999001901100ebr10464166CaPaEBRm u cr cn|||||||||021029s2002 enkb sb 001 0aeng d z 2002727710 z0192840622 z9780192840622 aCaPaEBRcCaPaEBR a(OCoLC)5398783614aPR5849b.A8 2002eb1 aWordsworth, Dorothy,d1771-1855.14aThe Grasmere and Alfoxden journalsh[electronic resource] /cDorothy Wordsworth ; edited with an introduction and notes by Pamela Woof. aOxford [England] ;aNew York :bOxford University Press,c2002. axliv, 316 p. :bmaps.1 aOxford world's classics aIncludes bibliographical references and index. aElectronic reproduction.bPalo Alto, Calif. :cebrary,d2011.nAvailable via World Wide Web.nAccess may be limited to ebrary affiliated libraries.10aWordsworth, Dorothy,d1771-1855vDiaries. 0aAuthors, Englishy19th centuryvDiaries. 0aLake District (England)xSocial life and customs. 7aElectronic books.2local1 aWoof, Pamela.2 aebrary, Inc. 0aOxford world's classics (Oxford University Press)40uhttp://site.ebrary.com/lib/rucke/Doc?id=10464166zAn electronic book accessible through the World Wide Web; click to view c231789d231789